[Event "Champions Showdown (blitz) 2019"]
[Site "Saint Louis USA"]
[Date "2019.02.24"]
[Round "16"]
[White "Dominguez Perez, Leinier"]
[Black "Topalov, Veselin"]
[Result "1-0"]
[WhiteElo "2739"]
[BlackElo "2740"]
[PlyCount "143"]
[EventDate "2019.02.23"]

1. e4 e5 2. Nf3 Nc6 3. Bb5 Nf6 4. d3 Bc5 5. Nbd2 d6 6. c3 O-O 7. O-O a6 8. Ba4
b5 9. Bc2 Bb6 10. Re1 Ng4 11. Re2 Ne7 12. h3 Nf6 13. Re1 Ng6 14. Nf1 Re8 15.
Ng3 h6 16. d4 c5 17. a4 cxd4 18. cxd4 Rb8 19. axb5 axb5 20. Be3 Be6 21. Qd2 Rc8
22. d5 Bd7 23. Bd3 Bxe3 24. Qxe3 Nf4 25. Bf1 Rc2 26. Rec1 Rxc1 27. Rxc1 Qb8 28.
Ne2 Nxe2+ 29. Bxe2 Rc8 30. Ra1 b4 31. Nd2 Bb5 32. Bd3 Bxd3 33. Qxd3 Qc7 34. b3
Qc3 35. Qxc3 bxc3 36. Nc4 Nxe4 37. Rc1 Rb8 38. f3 Nd2 39. Rxc3 Nxb3 40. Nxd6
Nd4 41. Rc7 Rd8 42. Nxf7 Rxd5 43. Re7 Nf5 44. Rxe5 Rd1+ 45. Kh2 Kxf7 46. Rxf5+
Kg6 47. g4 Rd3 48. Kg3 Ra3 49. Re5 Rb3 50. Kf2 Ra3 51. Re3 Ra2+ 52. Kg3 Ra4 53.
f4 Kh7 54. f5 Kg8 55. Kf3 Rb4 56. Re4 Rb3+ 57. Re3 Rb4 58. Rc3 Ra4 59. Kg3 Rb4
60. Kh4 Kh7 61. Rc7 Kg8 62. Kh5 Rb6 63. Re7 Ra6 64. Re6 Ra8 65. Kg6 Rb8 66. Rc6
Rd8 67. h4 Rb8 68. g5 hxg5 69. hxg5 Kh8 70. Re6 Rg8 71. Kf7 Ra8 72. Re8+ 1-0

[Event "Champions Showdown (blitz) 2019"]
[Site "Saint Louis USA"]
[Date "2019.02.24"]
[Round "16"]
[White "Shankland, Samuel"]
[Black "Rapport, Richard"]
[Result "1-0"]
[WhiteElo "2731"]
[BlackElo "2735"]
[PlyCount "91"]
[EventDate "2019.02.23"]

1. c4 e6 2. Nf3 d5 3. g3 Nf6 4. Bg2 Be7 5. O-O O-O 6. d4 Ne4 7. Qc2 c6 8. b3
Nd7 9. Bb2 Qe8 10. Nc3 f5 11. e3 Bd6 12. Ne2 g5 13. Ne5 Nxe5 14. dxe5 Be7 15.
f3 Nc5 16. Nd4 Bd7 17. b4 Na6 18. a3 f4 19. Bh3 Nc7 20. Rae1 fxg3 21. hxg3 dxc4
22. Qxc4 Qg6 23. e4 Kh8 24. Nf5 exf5 25. e6+ Bf6 26. Bxf6+ Qxf6 27. exd7 f4 28.
e5 Qh6 29. Kg2 fxg3 30. e6 Nd5 31. e7 Nf4+ 32. Qxf4 gxf4 33. e8=Q Raxe8 34.
Rxe8 Qf6 35. Rxf8+ Qxf8 36. Re1 Qf6 37. Re2 Kg7 38. Rd2 Qd8 39. Bg4 h5 40. Bxh5
Kf6 41. Bg4 Kg7 42. Rd4 Kg6 43. Rxf4 a5 44. Re4 Qf8 45. Re6+ Kg5 46. Re8 1-0

[Event "Champions Showdown (blitz) 2019"]
[Site "Saint Louis USA"]
[Date "2019.02.24"]
[Round "17"]
[White "Harikrishna, Pentala"]
[Black "Caruana, Fabiano"]
[Result "0-1"]
[WhiteElo "2726"]
[BlackElo "2828"]
[PlyCount "72"]
[EventDate "2019.02.23"]

1. d4 Nf6 2. c4 e6 3. Nc3 Bb4 4. e3 O-O 5. Bd3 d5 6. Nf3 c5 7. cxd5 exd5 8.
dxc5 Nbd7 9. Bd2 Nxc5 10. Be2 Ne6 11. O-O a6 12. Qb3 Bd6 13. Rfd1 b5 14. Be1
Bb7 15. Nd4 Nc5 16. Qc2 Rc8 17. a3 Re8 18. Bf3 Nfe4 19. Rac1 Qg5 20. Qe2 Rcd8
21. g3 Be5 22. Bg2 Bxd4 23. Rxd4 Nb3 24. Rcd1 Nxd4 25. Rxd4 Nc5 26. Qd1 Ne6 27.
Rd3 Nc7 28. Ne2 h6 29. Bc3 Ne6 30. b4 d4 31. Bxb7 dxc3 32. Nxc3 Qf5 33. Nd5 Kh8
34. Bxa6 Ng5 35. Bb7 Nf3+ 36. Kh1 Qh3 0-1

[Event "Champions Showdown (blitz) 2019"]
[Site "Saint Louis USA"]
[Date "2019.02.24"]
[Round "17"]
[White "Duda, Jan-Krzysztof"]
[Black "Nakamura, Hikaru"]
[Result "0-1"]
[WhiteElo "2731"]
[BlackElo "2749"]
[PlyCount "68"]
[EventDate "2019.02.23"]

1. c4 Nf6 2. Nf3 e6 3. g3 d5 4. Bg2 Be7 5. O-O O-O 6. cxd5 exd5 7. b3 Bd6 8.
Bb2 Re8 9. d3 c5 10. d4 Nc6 11. Nc3 Bg4 12. dxc5 Bxc5 13. h3 Bxf3 14. Bxf3 Ne4
15. Kg2 Bd4 16. Rc1 Qa5 17. Qe1 Bxc3 18. Bxc3 Qxa2 19. b4 a6 20. Rd1 Rad8 21.
e3 Ng5 22. Qe2 Qxe2 23. Bxe2 d4 24. Bd2 d3 25. Bg4 Ne5 26. Bc3 Nc6 27. Bf5 Ne4
28. Bxe4 Rxe4 29. Rb1 Rc4 30. Rb3 d2 31. Rd1 Rd3 32. Rxd2 Rdxc3 33. Rxc3 Rxc3
34. Rd7 b5 0-1

[Event "Champions Showdown (blitz) 2019"]
[Site "Saint Louis USA"]
[Date "2019.02.24"]
[Round "17"]
[White "Navara, David"]
[Black "So, Wesley"]
[Result "1-0"]
[WhiteElo "2738"]
[BlackElo "2765"]
[PlyCount "95"]
[EventDate "2019.02.23"]

1. c4 e6 2. Nc3 Nf6 3. d4 Bb4 4. f3 d5 5. a3 Bxc3+ 6. bxc3 c5 7. cxd5 Nxd5 8.
dxc5 Qa5 9. e4 Nf6 10. Be3 O-O 11. Kf2 Nfd7 12. Ne2 Nxc5 13. Nd4 Bd7 14. a4 Qc7
15. a5 Rd8 16. Qb1 e5 17. Nb5 Bxb5 18. Bxb5 Nbd7 19. Rd1 Nf6 20. Qb4 Rxd1 21.
Rxd1 b6 22. Bxc5 bxc5 23. Qa3 Rb8 24. Bc4 h6 25. Rd2 g5 26. h3 Kg7 27. Kg3 h5
28. Rd1 Kg6 29. h4 gxh4+ 30. Kxh4 Qe7 31. Kh3 h4 32. Qa4 Rd8 33. Rb1 Nh5 34.
Qc6+ Rd6 35. Rb7 Nf4+ 36. Kh2 Rxc6 37. Rxe7 Rd6 38. Rxe5 Rd2 39. Bxf7+ Kh6 40.
Rf5 Nxg2 41. Kh3 Ne1 42. Kxh4 Rd3 43. Kg4 Rxc3 44. Bd5 Nc2 45. Rf6+ Kg7 46. Kg5
Nd4 47. Rf7+ Kh8 48. Kh6 1-0

[Event "Champions Showdown (blitz) 2019"]
[Site "Saint Louis USA"]
[Date "2019.02.24"]
[Round "17"]
[White "Topalov, Veselin"]
[Black "Dominguez Perez, Leinier"]
[Result "0-1"]
[WhiteElo "2740"]
[BlackElo "2739"]
[PlyCount "96"]
[EventDate "2019.02.23"]

1. Nf3 Nf6 2. c4 g6 3. Nc3 Bg7 4. e4 d6 5. d4 O-O 6. Be2 e5 7. d5 a5 8. h3 Na6
9. Bg5 Qe8 10. Nd2 Nd7 11. a3 Nb6 12. b3 Bd7 13. O-O Nc5 14. Rc1 f5 15. b4 axb4
16. axb4 Nca4 17. Nb5 Rc8 18. Qc2 h6 19. Bh4 g5 20. Bg3 f4 21. Bh2 h5 22. f3
Rf6 23. Ra1 c6 24. dxc6 bxc6 25. Nxd6 Rxd6 26. c5 Rg6 27. cxb6 Nxb6 28. Nb3 g4
29. fxg4 hxg4 30. hxg4 Bxg4 31. Nc5 Bf8 32. Qb3+ Qf7 33. Qxf7+ Kxf7 34. Ra7+
Kg8 35. Bxg4 Rxg4 36. Rc1 Rd8 37. Rc2 Bxc5+ 38. bxc5 Rd1+ 39. Kf2 Nd7 40. g3
Rd3 41. gxf4 exf4 42. Rb2 Kf7 43. Rbb7 Ke6 44. Rxd7 Rxd7 45. Rxd7 Kxd7 46. Kf3
Rg5 47. Bxf4 Rxc5 48. Ke2 Rc3 0-1

[Event "Champions Showdown (blitz) 2019"]
[Site "Saint Louis USA"]
[Date "2019.02.24"]
[Round "17"]
[White "Rapport, Richard"]
[Black "Shankland, Samuel"]
[Result "1-0"]
[WhiteElo "2735"]
[BlackElo "2731"]
[PlyCount "47"]
[EventDate "2019.02.23"]

1. d4 d5 2. Nc3 Nf6 3. Bg5 Nbd7 4. e3 c6 5. Nf3 e6 6. Bd3 Be7 7. O-O O-O 8. h3
c5 9. a3 a6 10. Ne5 h6 11. Bf4 Nxe5 12. dxe5 Nd7 13. Qg4 f5 14. Qg6 Rf7 15.
Qxe6 Nf6 16. Bxf5 Bxe6 17. Bxe6 Ne8 18. Nxd5 Nc7 19. Nxc7 Rb8 20. Bxf7+ Kxf7
21. Rad1 Qf8 22. Rd7 Rd8 23. Rfd1 Rxd7 24. e6+ 1-0

[Event "Champions Showdown (blitz) 2019"]
[Site "Saint Louis USA"]
[Date "2019.02.24"]
[Round "18"]
[White "Caruana, Fabiano"]
[Black "Harikrishna, Pentala"]
[Result "1/2-1/2"]
[WhiteElo "2828"]
[BlackElo "2726"]
[PlyCount "68"]
[EventDate "2019.02.23"]

1. e4 e5 2. Nf3 Nf6 3. Nxe5 d6 4. Nf3 Nxe4 5. Nc3 Nxc3 6. dxc3 Be7 7. Be3 Nc6
8. Qd2 Be6 9. O-O-O Qd7 10. h4 h6 11. Nd4 Nxd4 12. Bxd4 Rg8 13. Kb1 O-O-O 14.
c4 Qc6 15. Qc3 g6 16. Be2 h5 17. b3 Bg4 18. Bxg4+ hxg4 19. g3 a6 20. h5 gxh5
21. Rxh5 d5 22. Re1 Bg5 23. c5 Rde8 24. Reh1 Qg6 25. a4 Re2 26. Rh8 Rxh8 27.
Rxh8+ Kd7 28. Rb8 Bd2 29. Qd3 Qxd3 30. cxd3 Be1 31. Rf8 Ke7 32. Rc8 Kd7 33. Rf8
Ke7 34. Rc8 Kd7 1/2-1/2

[Event "Champions Showdown (blitz) 2019"]
[Site "Saint Louis USA"]
[Date "2019.02.24"]
[Round "18"]
[White "Nakamura, Hikaru"]
[Black "Duda, Jan-Krzysztof"]
[Result "1-0"]
[WhiteElo "2749"]
[BlackElo "2731"]
[PlyCount "79"]
[EventDate "2019.02.23"]

1. Nf3 d5 2. d4 Nf6 3. c4 c6 4. e3 e6 5. Bd3 Nbd7 6. O-O Bd6 7. Nc3 dxc4 8.
Bxc4 b5 9. Bb3 O-O 10. e4 b4 11. e5 bxc3 12. exd6 Ba6 13. Re1 Qb8 14. bxc3 Qxd6
15. a4 c5 16. Ba3 Rac8 17. Ne5 Qc7 18. Nxd7 Nxd7 19. d5 exd5 20. Qxd5 Nf6 21.
Qf5 Rfd8 22. Re3 Rb8 23. Bc2 Rd5 24. Qf3 Bb7 25. Qe2 Rbd8 26. Re1 Qc6 27. Qb5
h6 28. Re7 R5d7 29. f3 Rxe7 30. Rxe7 Ba8 31. Qxc6 Bxc6 32. Rc7 Bd7 33. Bxc5 Be6
34. Bd4 a6 35. Rc6 a5 36. Ra6 Nd5 37. Rxa5 Rc8 38. Be4 Nf4 39. Ra8 Rxa8 40.
Bxa8 1-0

[Event "Champions Showdown (blitz) 2019"]
[Site "Saint Louis USA"]
[Date "2019.02.24"]
[Round "18"]
[White "So, Wesley"]
[Black "Navara, David"]
[Result "1/2-1/2"]
[WhiteElo "2765"]
[BlackElo "2738"]
[PlyCount "79"]
[EventDate "2019.02.23"]

1. e4 c6 2. d4 d5 3. Nc3 dxe4 4. Nxe4 Bf5 5. Ng3 Bg6 6. h4 h6 7. Nf3 Nd7 8. h5
Bh7 9. Bd3 Bxd3 10. Qxd3 e6 11. Bd2 Ngf6 12. O-O-O Be7 13. Kb1 O-O 14. Ne4 c5
15. g4 Nxg4 16. Qe2 Qb6 17. Ne5 Ndxe5 18. dxe5 f5 19. exf6 Nxf6 20. Rdg1 Nxe4
21. Qxe4 Bf6 22. b3 c4 23. Bxh6 cxb3 24. axb3 Rf7 25. Bc1 Qxf2 26. Bb2 Bxb2 27.
Kxb2 Qf5 28. Qe2 Qf2 29. Qxe6 Qf6+ 30. Qxf6 Rxf6 31. Rg5 Kh7 32. Rd1 Rf7 33.
Rd6 Rc8 34. c4 Re8 35. Ka3 Re3 36. Rgd5 Rff3 37. Rb5 Re7 38. Rbd5 Ree3 39. Rb5
Re7 40. Rbd5 1/2-1/2

[Event "Champions Showdown (blitz) 2019"]
[Site "Saint Louis USA"]
[Date "2019.02.24"]
[Round "18"]
[White "Dominguez Perez, Leinier"]
[Black "Topalov, Veselin"]
[Result "1/2-1/2"]
[WhiteElo "2739"]
[BlackElo "2740"]
[PlyCount "202"]
[EventDate "2019.02.23"]

1. e4 e5 2. Nf3 Nc6 3. Bb5 Nf6 4. d3 Bc5 5. Nbd2 d6 6. c3 O-O 7. O-O a6 8. Ba4
Ba7 9. h3 Ne7 10. d4 Ng6 11. Re1 c5 12. dxe5 dxe5 13. Bc2 b5 14. Nf1 h6 15. Qe2
Bb7 16. g3 Qc7 17. Kh2 Rad8 18. a4 Bc6 19. axb5 axb5 20. b3 Bb6 21. Bb2 Qb7 22.
N3d2 Rd7 23. Red1 Rfd8 24. f3 Nh5 25. Ne3 c4 26. Ndf1 cxb3 27. Bxb3 Nf6 28. Nf5
Bc5 29. N1e3 Qb6 30. Ng4 Nxg4+ 31. hxg4 Ne7 32. Rxd7 Rxd7 33. Rd1 Qd8 34. Kh3
Kf8 35. Bc1 Nxf5 36. gxf5 Rxd1 37. Bxd1 Qd6 38. Bb3 Ba3 39. Be3 Bc5 40. Qd1 Ke7
41. Bd2 Bd7 42. Kg2 Bc6 43. Qc2 f6 44. Be1 Kd8 45. Kf1 Kc7 46. Ke2 Kb6 47. Be6
Kc7 48. Qa2 Kb6 49. Bd2 Kc7 50. Bg8 Kb6 51. Qf7 Qe7 52. Qb3 Qd6 53. Bf7 Qe7 54.
Be6 Qd6 55. Qa2 Kc7 56. Bf7 Kb7 57. Bd5 Bxd5 58. exd5 e4 59. Bf4 exf3+ 60. Kxf3
Qd7 61. g4 h5 62. Qd2 hxg4+ 63. Kxg4 g6 64. Qd3 Kb6 65. Qe4 b4 66. cxb4 gxf5+
67. Qxf5 Qxf5+ 68. Kxf5 Bxb4 69. Kxf6 Kb5 70. Ke6 Kc4 71. Bd6 Be1 72. Ba3 Bg3
73. Bb2 Kc5 74. Be5 Bh4 75. d6 Kc6 76. d7 Bd8 77. Bd6 Ba5 78. Ke7 Bb6 79. Ba3
Kd5 80. Bc1 Ba5 81. Bf4 Bb6 82. Bg5 Ba5 83. Ke8 Ke6 84. Bd8 Be1 85. Bc7 Bh4 86.
Bb6 Bg5 87. Bc5 Bh4 88. Bb6 Bg5 89. Bd8 Bd2 90. Bh4 Ba5 91. Bf2 Bc7 92. Bc5 Ba5
93. Ba7 Bc7 94. Bb8 Ba5 95. Bf4 Bb6 96. Bg5 Ba5 97. Bd8 Be1 98. Bc7 Bh4 99. Bb6
Bg5 100. Bc5 Bh4 101. Be3 Bf6 1/2-1/2

[Event "Champions Showdown (blitz) 2019"]
[Site "Saint Louis USA"]
[Date "2019.02.24"]
[Round "18"]
[White "Shankland, Samuel"]
[Black "Rapport, Richard"]
[Result "0-1"]
[WhiteElo "2731"]
[BlackElo "2735"]
[PlyCount "86"]
[EventDate "2019.02.23"]

1. c4 c5 2. g3 Nc6 3. Bg2 g6 4. Nf3 Bg7 5. Nc3 d6 6. O-O h5 7. e3 Bxc3 8. bxc3
Qd7 9. d3 b6 10. e4 Bb7 11. Ng5 h4 12. f4 hxg3 13. hxg3 f6 14. Nf3 Qg4 15. Kf2
f5 16. Ng5 Nf6 17. Be3 Qxd1 18. Raxd1 Ng4+ 19. Ke2 Rh2 20. Rg1 fxe4 21. Nxe4
Na5 22. Kf3 Nf6 23. Rh1 Rxg2 24. Kxg2 Nxe4 25. dxe4 Bxe4+ 26. Kf2 Bxh1 27. Rxh1
Kd7 28. Rh7 Rg8 29. Kf3 Nxc4 30. Bc1 Ke6 31. Kg4 Kf6 32. Kf3 d5 33. g4 b5 34.
g5+ Ke6 35. Kg4 Nd6 36. Be3 d4 37. cxd4 Nf5 38. Bf2 cxd4 39. Kf3 Rd8 40. Rh1 a6
41. Rc1 d3 42. Ke4 d2 43. Rd1 Nd6+ 0-1

[Event "Champions Showdown (blitz) 2019"]
[Site "Saint Louis USA"]
[Date "2019.02.24"]
[Round "19"]
[White "Harikrishna, Pentala"]
[Black "Caruana, Fabiano"]
[Result "0-1"]
[WhiteElo "2726"]
[BlackElo "2828"]
[PlyCount "86"]
[EventDate "2019.02.23"]

1. d4 Nf6 2. Nf3 d5 3. c4 e6 4. Nc3 Be7 5. Qc2 c5 6. cxd5 cxd4 7. Nxd4 exd5 8.
Bf4 O-O 9. e3 Nc6 10. Bd3 Nxd4 11. exd4 Be6 12. O-O Rc8 13. Qb3 Bd6 14. Bg3
Bxg3 15. hxg3 Qd7 16. Rfe1 g6 17. Rac1 Kg7 18. Qa4 Rxc3 19. Qxd7 Rxc1 20. Qxe6
fxe6 21. Rxc1 Ne8 22. Bb5 Nd6 23. Bd7 Rf6 24. g4 g5 25. f3 Kf8 26. Bc8 Ke8 27.
Rc7 Kd8 28. Rxh7 Kxc8 29. Kf2 Nf7 30. Ke3 Kd7 31. g3 Ke7 32. Rh1 Rh6 33. Rc1
Kd7 34. f4 Rh2 35. f5 Rxb2 36. Rh1 Ke7 37. Rc1 Kd7 38. Rh1 Rxa2 39. Rh7 Ke7 40.
Rg7 Ra3+ 41. Kf2 exf5 42. gxf5 Kf6 43. Rh7 g4 0-1

[Event "Champions Showdown (blitz) 2019"]
[Site "Saint Louis USA"]
[Date "2019.02.24"]
[Round "19"]
[White "Duda, Jan-Krzysztof"]
[Black "Nakamura, Hikaru"]
[Result "1-0"]
[WhiteElo "2731"]
[BlackElo "2749"]
[PlyCount "141"]
[EventDate "2019.02.23"]

1. e4 e5 2. Nf3 Nc6 3. Bc4 Bc5 4. c3 Nf6 5. d3 d6 6. Nbd2 O-O 7. O-O a5 8. h3
h6 9. Re1 Re8 10. Nf1 Ne7 11. d4 exd4 12. cxd4 Bb4 13. Re2 d5 14. e5 Ne4 15.
Bd3 Nc6 16. a3 Bf8 17. Bxe4 dxe4 18. Rxe4 f6 19. Bf4 fxe5 20. Bxe5 Nxe5 21.
Nxe5 Be6 22. Ne3 c6 23. Qh5 Bd6 24. Re1 Bxe5 25. Rxe5 Bf7 26. Qg4 Qf6 27. Nf5
Rad8 28. R1e3 h5 29. Qf4 Kh7 30. Rxe8 Bxe8 31. Re7 Bf7 32. Qe5 Kg6 33. Rxb7
Qxf5 34. Qxf5+ Kxf5 35. Rxf7+ Kg6 36. Ra7 Rxd4 37. Rxa5 Rd1+ 38. Kh2 Rd2 39.
Rc5 Rxb2 40. Rxc6+ Kh7 41. f3 Ra2 42. Ra6 h4 43. f4 Rf2 44. Ra4 Kg6 45. Kg1 Ra2
46. Ra5 Kh6 47. Rg5 g6 48. Rg4 Kh5 49. Rg5+ Kh6 50. Ra5 Rc2 51. f5 g5 52. f6
Kg6 53. f7 Rc8 54. Ra7 Kg7 55. Kf2 Rc4 56. a4 Rc2+ 57. Kf3 Rc3+ 58. Kf2 Rc2+
59. Kg1 Rc1+ 60. Kh2 Ra1 61. a5 Kf8 62. a6 Kg7 63. g4 Ra3 64. Kg2 Kf8 65. Kf2
Kg7 66. Ke2 Kf8 67. Kd2 Kg7 68. Kc2 Rxh3 69. Rd7 Rh2+ 70. Rd2 Rh3 71. a7 1-0

[Event "Champions Showdown (blitz) 2019"]
[Site "Saint Louis USA"]
[Date "2019.02.24"]
[Round "19"]
[White "Navara, David"]
[Black "So, Wesley"]
[Result "1-0"]
[WhiteElo "2738"]
[BlackElo "2765"]
[PlyCount "67"]
[EventDate "2019.02.23"]

1. e4 e5 2. Nf3 Nc6 3. Bc4 Nf6 4. d3 Bc5 5. c3 O-O 6. a4 d5 7. exd5 Nxd5 8. O-O
a5 9. Re1 Bg4 10. h3 Bh5 11. Nbd2 Nb6 12. Bb5 Bd6 13. Ne4 Na7 14. Ng3 Bg6 15.
Nxe5 Bxe5 16. Rxe5 c6 17. Be3 cxb5 18. axb5 Nd7 19. Rd5 f5 20. b4 f4 21. Bc5
fxg3 22. Bxf8 gxf2+ 23. Kf1 Bf7 24. Qg4 Qxf8 25. Rxd7 Nxb5 26. c4 Nc3 27. Rxa5
Rxa5 28. bxa5 Qe8 29. Kxf2 h5 30. Qd4 Nd1+ 31. Kg1 Qe1+ 32. Kh2 Nf2 33. Qf4 Nd1
34. Qxf7+ 1-0

[Event "Champions Showdown (blitz) 2019"]
[Site "Saint Louis USA"]
[Date "2019.02.24"]
[Round "19"]
[White "Topalov, Veselin"]
[Black "Dominguez Perez, Leinier"]
[Result "0-1"]
[WhiteElo "2740"]
[BlackElo "2739"]
[PlyCount "216"]
[EventDate "2019.02.23"]

1. e4 d6 2. d4 Nf6 3. f3 g6 4. Nc3 Bg7 5. Be3 a6 6. Qd2 h6 7. Bd3 Nbd7 8. Nge2
b5 9. a4 b4 10. Nd1 a5 11. c3 bxc3 12. bxc3 Ba6 13. Nf2 Qc8 14. O-O Nb6 15.
Rfe1 Nc4 16. Bxc4 Bxc4 17. d5 c5 18. dxc6 Qxc6 19. Nd4 Qc8 20. Nb5 h5 21. Bd4
O-O 22. Nd1 Rb8 23. Ne3 Bxb5 24. axb5 Rxb5 25. c4 Rb3 26. Rxa5 Bh6 27. Qc2 Qb7
28. Nd5 Nxd5 29. exd5 Qb4 30. Rea1 Be3+ 31. Bxe3 Rxe3 32. Rb5 Re1+ 33. Kf2 Qxb5
34. Rxe1 Qc5+ 35. Kg3 Re8 36. Re4 Qa3 37. Qe2 Kf8 38. h4 Qc3 39. Kh3 Qf6 40.
Qe3 Ra8 41. Qh6+ Ke8 42. Qd2 Ra1 43. Kg3 Rb1 44. Qa2 Ra1 45. Qe2 Kf8 46. Qd2
Rh1 47. Qh6+ Ke8 48. Qd2 Rb1 49. Qa2 Ra1 50. Qe2 Ra8 51. Qe3 Kf8 52. Qh6+ Ke8
53. Qe3 Rc8 54. Qa7 Kf8 55. Qe3 Rc5 56. Qh6+ Kg8 57. Qe3 Rc7 58. Qb6 Rc8 59.
Qb7 Re8 60. Qb6 Qc3 61. Qc7 Kf8 62. Qb6 Rc8 63. Qb7 Re8 64. Qb6 Qa1 65. Qe3 Qf6
66. Qh6+ Qg7 67. Qe3 Qf6 68. Qh6+ Kg8 69. Qe3 Kg7 70. Qe2 Kf8 71. Qe3 Rc8 72.
Qh6+ Ke8 73. Qe3 Rc7 74. Qb6 Rc5 75. Qb8+ Kd7 76. Qb7+ Kd8 77. Qb8+ Rc8 78.
Qb6+ Ke8 79. Qb5+ Kf8 80. Qb7 Re8 81. Qb6 Ra8 82. Qe3 Ra2 83. Qh6+ Kg8 84. Qe3
Qb2 85. Qg1 Kf8 86. Kh3 Qd2 87. Qf1 Rc2 88. Kg3 Rb2 89. Kh3 Rc2 90. Kg3 g5 91.
hxg5 Qxg5+ 92. Kh2 f5 93. Rd4 Kf7 94. Kh3 f4 95. Kh2 Qg3+ 96. Kh1 h4 97. Re4 h3
98. Re2 hxg2+ 99. Rxg2 Qh4+ 100. Kg1 Rxg2+ 101. Qxg2 Qe1+ 102. Kh2 Kf6 103. Qg4
Qf2+ 104. Kh1 Qf1+ 105. Kh2 Qe2+ 106. Kh3 Qe5 107. Kh4 Qe1+ 108. Kh3 Qh1# 0-1

[Event "Champions Showdown (blitz) 2019"]
[Site "Saint Louis USA"]
[Date "2019.02.24"]
[Round "19"]
[White "Rapport, Richard"]
[Black "Shankland, Samuel"]
[Result "0-1"]
[WhiteElo "2735"]
[BlackElo "2731"]
[PlyCount "170"]
[EventDate "2019.02.23"]

1. d4 d5 2. Nc3 Nf6 3. Bg5 e6 4. e3 c5 5. Nf3 a6 6. a3 Be7 7. Bd3 O-O 8. dxc5
Bxc5 9. O-O h6 10. Bxf6 Qxf6 11. e4 Rd8 12. e5 Qe7 13. Ne2 Nc6 14. Nf4 b5 15.
Re1 Bb7 16. Qd2 b4 17. Nh5 a5 18. Qf4 Qf8 19. Qg4 Kh8 20. Ng5 Ne7 21. Nf4 g6
22. Qh3 Qg7 23. Re2 Bc8 24. axb4 Bxb4 25. c3 Bc5 26. Ra4 Bd7 27. Ra2 a4 28. Nf3
Kg8 29. Bc2 Nc6 30. Nd3 Be7 31. Rxa4 Rxa4 32. Bxa4 Nxe5 33. Ndxe5 Bxa4 34. Nd4
Bf6 35. Ng4 h5 36. Nxf6+ Qxf6 37. Qg3 Kg7 38. h4 Rc8 39. Re5 Kf8 40. Rg5 Bd7
41. Qd6+ Qe7 42. Qf4 Kg7 43. Qg3 Kf8 44. Re5 Qf6 45. Re3 Kg7 46. Rf3 Qe7 47.
Qe5+ f6 48. Qe3 e5 49. Nc2 Bg4 50. Rg3 Bf5 51. Qd2 d4 52. Nb4 dxc3 53. bxc3 Rd8
54. Qe3 Qc7 55. Kh2 Qd6 56. Qf3 Bg4 57. Qe4 f5 58. Qc6 Qxc6 59. Nxc6 Rd5 60.
Re3 Kf6 61. Nb4 Rd1 62. f3 f4 63. Rd3 Rxd3 64. Nxd3 Bf5 65. Nf2 Ke6 66. g3 Kd5
67. gxf4 exf4 68. Nd1 Kc4 69. Kg2 Kd3 70. Kg1 Ke2 71. Nf2 Kxf3 72. c4 Kg3 73.
c5 Kxh4 74. c6 Kg3 75. c7 Kf3 76. Nd3 h4 77. Ne5+ Kg3 78. Nxg6 f3 79. Kf1 h3
80. Ne7 Bd3+ 81. Ke1 f2+ 82. Kd2 Ba6 83. Nf5+ Kf4 84. Ne3 h2 85. Nd5+ Kf3 0-1

[Event "Champions Showdown (blitz) 2019"]
[Site "Saint Louis USA"]
[Date "2019.02.24"]
[Round "20"]
[White "Caruana, Fabiano"]
[Black "Harikrishna, Pentala"]
[Result "0-1"]
[WhiteElo "2828"]
[BlackElo "2726"]
[PlyCount "122"]
[EventDate "2019.02.23"]

1. e4 e5 2. Nf3 Nc6 3. Bb5 a6 4. Ba4 Nf6 5. d3 b5 6. Bb3 Bc5 7. O-O d6 8. c3 h6
9. Re1 O-O 10. h3 Re8 11. Nbd2 Be6 12. Bc2 d5 13. exd5 Bxd5 14. b4 Bf8 15. a4
g6 16. Qe2 Bg7 17. Ne4 Nxe4 18. dxe4 Bc4 19. Qe3 Qe7 20. Nd2 Be6 21. Bd3 Rab8
22. axb5 axb5 23. Qe2 Bd7 24. Nb3 Nd8 25. Be3 Ne6 26. g3 c6 27. Ra7 Ra8 28.
Rea1 Rxa7 29. Rxa7 Qd6 30. h4 Rc8 31. Bc2 Be8 32. h5 g5 33. Qf3 Qd8 34. Na5 Rc7
35. Bb6 Qb8 36. Ra6 Qc8 37. Bxc7 Qxa6 38. Bd6 c5 39. Be7 Qa7 40. Bd6 Qb6 41.
Qd3 cxb4 42. Bxb4 Bf8 43. Bxf8 Kxf8 44. Nb3 Qd8 45. Qe3 Qc7 46. Bd1 Qc4 47. Nd2
Qc5 48. Qd3 b4 49. cxb4 Qxb4 50. Nf3 f6 51. Bb3 Nd4 52. Nxd4 Qxd4 53. Qa6 Qd8
54. Qe6 Bxh5 55. Qg8+ Ke7 56. Qg7+ Kd6 57. Qxh6 Bf3 58. Bd5 Kc5 59. Qg7 Qa5 60.
Qe7+ Kd4 61. Kh2 Qa1 0-1

[Event "Champions Showdown (blitz) 2019"]
[Site "Saint Louis USA"]
[Date "2019.02.24"]
[Round "20"]
[White "Nakamura, Hikaru"]
[Black "Duda, Jan-Krzysztof"]
[Result "1-0"]
[WhiteElo "2749"]
[BlackElo "2731"]
[PlyCount "117"]
[EventDate "2019.02.23"]

1. Nf3 d5 2. d4 Nf6 3. c4 c6 4. e3 e6 5. Bd3 Nbd7 6. O-O Bd6 7. Nc3 dxc4 8.
Bxc4 b5 9. Bb3 b4 10. Na4 c5 11. dxc5 Nxc5 12. Nxc5 Bxc5 13. Qc2 Qb6 14. Ba4+
Bd7 15. Ne5 Bb5 16. Nc4 Qa6 17. Bxb5+ Qxb5 18. b3 O-O 19. Bb2 Be7 20. Rad1 Rfd8
21. Rxd8+ Rxd8 22. Rd1 Rxd1+ 23. Qxd1 Qd5 24. Qc2 Ne4 25. f3 Nc5 26. Kf1 h6 27.
Bd4 a6 28. Qd2 Qf5 29. Qd1 h5 30. Ke2 Qg5 31. g3 Qf5 32. e4 Qh3 33. Qg1 Nd7 34.
Nb2 e5 35. Nd3 Qe6 36. Bb2 a5 37. Qa7 Qc6 38. Qe3 a4 39. Qc1 Qe6 40. Qc8+ Kh7
41. Nxe5 axb3 42. Qxd7 Qa6+ 43. Nd3 bxa2 44. Qxe7 a1=Q 45. Bxa1 Qxa1 46. Qxb4
Qg1 47. Qe1 Qxh2+ 48. Ke3 g5 49. e5 h4 50. gxh4 gxh4 51. Nf4 Kh6 52. Qd1 Qg3
53. Qd6+ Kh7 54. Qf6 Qg1+ 55. Ke4 Qe1+ 56. Kf5 Qb1+ 57. Kg5 Qg1+ 58. Kh5 h3 59.
Qxf7+ 1-0

[Event "Champions Showdown (blitz) 2019"]
[Site "Saint Louis USA"]
[Date "2019.02.24"]
[Round "20"]
[White "So, Wesley"]
[Black "Navara, David"]
[Result "1/2-1/2"]
[WhiteElo "2765"]
[BlackElo "2738"]
[PlyCount "112"]
[EventDate "2019.02.23"]

1. d4 Nf6 2. c4 e6 3. Nc3 Bb4 4. e3 O-O 5. Bd3 d5 6. a3 Bxc3+ 7. bxc3 dxc4 8.
Bxc4 c5 9. Ne2 Nc6 10. O-O e5 11. Bb2 Be6 12. Bxe6 fxe6 13. c4 exd4 14. exd4
cxd4 15. Nxd4 Nxd4 16. Bxd4 Rc8 17. Bxa7 Qxd1 18. Rfxd1 Rxc4 19. Rab1 Rc7 20.
Bb6 Rcf7 21. Rd6 Nd5 22. Rxe6 Nxb6 23. Rexb6 Rxf2 24. Rxb7 Ra2 25. R7b3 h5 26.
h3 Kh7 27. Rc3 h4 28. Rb4 g5 29. Rb7+ Kg6 30. Rc6+ Rf6 31. Rxf6+ Kxf6 32. Ra7
Kf5 33. a4 Kf6 34. a5 Kg6 35. a6 Kh6 36. Ra8 Kg7 37. a7 Kh7 38. Kf1 Kg7 39. Ke1
Kh7 40. Kd1 Kg7 41. Kc1 Kh7 42. Kb1 Ra6 43. Kb2 Kg7 44. Kc3 Ra4 45. Kd3 Kh7 46.
Kc3 Kg7 47. Kb3 Ra6 48. Kb4 Ra2 49. Kc5 Kh7 50. Kd5 Kg7 51. Ke5 Re2+ 52. Kf5
Rf2+ 53. Ke6 Re2+ 54. Kd7 Rd2+ 55. Ke6 Re2+ 56. Kf5 Rf2+ 1/2-1/2

[Event "Champions Showdown (blitz) 2019"]
[Site "Saint Louis USA"]
[Date "2019.02.24"]
[Round "20"]
[White "Shankland, Samuel"]
[Black "Rapport, Richard"]
[Result "0-1"]
[WhiteElo "2731"]
[BlackElo "2735"]
[PlyCount "84"]
[EventDate "2019.02.23"]

1. Nf3 Nf6 2. c4 Nc6 3. g3 e5 4. d3 g6 5. Bg2 Bg7 6. O-O O-O 7. Nc3 d6 8. Rb1
a5 9. a3 Re8 10. Nd2 Nd4 11. e3 Ne6 12. b4 axb4 13. axb4 h5 14. Bb2 h4 15. Qb3
hxg3 16. hxg3 Ng4 17. Ra1 Rb8 18. Ra7 Qg5 19. Nf3 Qh6 20. Rfa1 Bd7 21. Ne4 b5
22. c5 dxc5 23. bxc5 Bc6 24. Qc2 f5 25. Ned2 Nxe3 26. fxe3 Qxe3+ 27. Kf1 Nxc5
28. Re1 Qxd3+ 29. Qxd3 Nxd3 30. Rxc7 Rbc8 31. Rxc6 Rxc6 32. Nxe5 Rd6 33. Nxd3
Rxe1+ 34. Kxe1 Rxd3 35. Bf1 Rxg3 36. Bxg7 Kxg7 37. Bxb5 Kf6 38. Kf2 Ra3 39. Be2
g5 40. Nf1 g4 41. Ne3 g3+ 42. Kf3 g2 0-1

[Event "Champions Showdown (blitz) 2019"]
[Site "Saint Louis USA"]
[Date "2019.02.24"]
[Round "21"]
[White "Harikrishna, Pentala"]
[Black "Caruana, Fabiano"]
[Result "0-1"]
[WhiteElo "2726"]
[BlackElo "2828"]
[PlyCount "96"]
[EventDate "2019.02.23"]

1. d4 d5 2. c4 e6 3. Nc3 Be7 4. Nf3 Nf6 5. Bf4 O-O 6. e3 Nbd7 7. Be2 dxc4 8.
O-O a6 9. a4 b6 10. Bxc4 Bb7 11. Qe2 Nh5 12. Rad1 Nxf4 13. exf4 Nf6 14. Rfe1
Bb4 15. Ne5 Nd5 16. Qd2 Rc8 17. Nd3 Bd6 18. Ne4 Nf6 19. Ng3 g6 20. Ne5 Nd5 21.
Nd3 Qh4 22. Ne2 Rfd8 23. h3 a5 24. Qc1 Bf8 25. Nc3 Bg7 26. Bxd5 Bxd5 27. Ne5
Bb7 28. Qe3 Qe7 29. Ne4 Rf8 30. Rc1 Bd5 31. Rc3 Qb4 32. b3 h6 33. Rec1 c5 34.
Qd3 Rcd8 35. Nd2 cxd4 36. Rc7 Qd6 37. Ndf3 Ba8 38. R7c4 Qa3 39. R1c2 Bd5 40.
Rxd4 Qxb3 41. Rc3 Qa2 42. h4 Rc8 43. h5 Qa1+ 44. Kh2 Qxc3 45. Qe2 gxh5 46. Rd3
Qb4 47. Nd4 Qe7 48. Rg3 Qh4+ 0-1